Megváltozott világkép
Elmentve itt :
| Szerző: | |
|---|---|
| Adatforrás: | Philobibl |
| Forrásdokumentuma: | Forum 2.1947:11. p. 817-831. |
| Dokumentumtípus: | Cikk |
| Nyelv: | magyar |
| Kulcsszavak: | filozófia, marxista |
| Online elérés: | előfizetéssel hozzáférhető |
| LEADER | 00427nab a2200121 c 4500 | ||
|---|---|---|---|
| 001 | bibPHI0037114 | ||
| 005 | 20230908120828.2 | ||
| 008 | 100311s1947 hu hun | ||
| 100 | 1 | |a Lukács György | |
| 245 | 1 | 0 | |a Megváltozott világkép |c Lukács György |
| 695 | |a filozófia, marxista | ||
| 773 | 0 | |t Forum |g 2.1947:11. p. 817-831. | |
| 856 | 4 | 1 | |3 Full text |u https://adt.arcanum.com/hu/view/Forum_1947/?pg=872&layout=s |z előfizetéssel hozzáférhető |